000 00416nam a2200181Ia 4500
003 OSt
005 20220918231437.0
006 a|||||r|||| 00| 0
007 ta
008 220917b |||||||| |||| 00| 0 eng d
024 _a284,904
037 _cTextual
040 _aARTS
_cARTS
_beng
041 _2eng
_aeng
100 _aEdwards Stack
_9154675
245 0 _aKabirs
999 _c291177
_d291177